Statistiques concernant Intercommunalités de la Manche

Cliquez ici pour prendre le quiz!

Statistiques générales

  • Ce quiz a été pris 19 fois
  • Le résultat moyen est 5 sur 8

Statistiques - réponses

Nombres de CommunesIntercommunalités% Correct
129Communauté d'agglomération du Cotentin
100%
61Saint-Lô Agglo
100%
95Communauté d'agglomération Mont-Saint-Michel-Normandie
89%
48Communauté de communes Coutances Mer et Bocage
72%
23Communauté de communes de la Baie du Cotentin
44%
27Villedieu Intercom
33%
30Communauté de communes Côte Ouest Centre Manche
22%
32Communauté de communes de Granville, Terre et Mer
22%

Distribution des résultats

Percentile par nombre de réponses

% des personnes avec chaque résultat

Votre développement - résultats

Vous n’avez pas pris ce quiz